Gandhi ji and his disciples / (Record no. 130109)

MARC details
000 -LEADER
fixed length control field 00723nam a22002537a 4500
003 - CONTROL NUMBER IDENTIFIER
control field 0
005 - DATE AND TIME OF LATEST TRANSACTION
control field 20180629161332.0
008 - FIXED-LENGTH DATA ELEMENTS--GENERAL INFORMATION
fixed length control field 0
010 ## - LIBRARY OF CONGRESS CONTROL NUMBER
LC control number A-753114
020 ## - INTERNATIONAL STANDARD BOOK NUMBER
Terms of availability 35.00
International Standard Book Number 8123711166
035 ## - SYSTEM CONTROL NUMBER
System control number A-753114,A-753115
037 ## - SOURCE OF ACQUISITION
Source of stock number/acquisition Cen Lib/Ret
040 ## - CATALOGING SOURCE
Original cataloging agency DPL
Language of cataloging EN
Transcribing agency 0
082 ## - DEWEY DECIMAL CLASSIFICATION NUMBER
Classification number 920
Item number PAN
100 ## - MAIN ENTRY--PERSONAL NAME
Personal name Pandya, Jayant
9 (RLIN) 28314
245 ## - TITLE STATEMENT
Title Gandhi ji and his disciples /
Statement of responsibility, etc by Jayant Pandya
260 ## - PUBLICATION, DISTRIBUTION, ETC. (IMPRINT)
Place of publication, distribution, etc New Delhi
Name of publisher, distributor, etc National Book Trust India
Date of publication, distribution, etc 1994
270 ## - ADDRESS
Address A-5,Green Park
City New Delhi
Postal code 110016
300 ## - PHYSICAL DESCRIPTION
Extent xii,179p. :
Dimensions 21cm(Hb)
Other physical details ill.
500 ## - GENERAL NOTE
General note Includes bibliographical reference
650 ## - SUBJECT ADDED ENTRY--TOPICAL TERM
Topical term or geographic name as entry element Gandhism
9 (RLIN) 28315
650 ## - SUBJECT ADDED ENTRY--TOPICAL TERM
Topical term or geographic name as entry element Disciples Gandhi,s
9 (RLIN) 28316
942 ## - ADDED ENTRY ELEMENTS (KOHA)
Source of classification or shelving scheme Dewey Decimal Classification
Koha item type English Books
Classification part 920
Call number suffix PAN
Holdings
Withdrawn status Lost status Damaged status Not for loan Home library Current library Date acquired Source of acquisition Cost, normal purchase price Total Checkouts Full call number Barcode Date last seen Date checked out Copy number Cost, replacement price Price effective from Koha item type Source of classification or shelving scheme
        Central Library Central Library 08/07/2015 Cen Lib/Ret 35.00 1 920 PAN A-753114 07/08/2019 24/07/2019 1 35.00 08/07/2015 English Books  
        Patel Nagar Patel Nagar 29/06/2018 BPPD/Pub 35.00   920 PAN A-753115 29/06/2018     35.00 29/06/2018 English Books Dewey Decimal Classification

© Delhi Public Library
Hit Counter
free hit counter